000 00804nam a22002651 4500
001 69142
003 BD-RjUL
005 20211209081843.0
008 170415r19671963nyua b 000 0 eng
035 _a(BD-RjUL)69353
040 _aDLC/ICU
_cICU
_dDLC
_beng
041 1 _aengger
082 0 0 _a546
_223
_bHAN 1967
245 0 0 _aHandbook of preparative inorganic chemistry /
_cedited by Georg Brauer.
250 _a2d ed.
260 _aNew York :
_bAcademic Press,
_c1963 [Reprinted 1967]
300 _a v. :
_bill. ;
_c24 cm.
500 _aTranslation editor for v. 2: Paul G. Stecher.
504 _aIncludes bibliographical references.
505 _aVol.1 -- Vol. 2 --
650 0 _aChemistry, Inorganic.
_9117207
700 _aBrauer, Georg
_9207158
942 _2ddc
_cBK
999 _c69142
_d69142